La Unión Europea y su derecho

Na minha lista:
Detalhes bibliográficos
Main Authors: Gutiérrez Espada, Cesáreo (Author), Cervell Hortal, María José (Author), Piernas López, Juan Jorge (Author)
Formato: Livro
Idioma:espanhol
Publicado em: Madrid Trotta 2015
Edição:2a. ed
Colecção:Colección Estructuras y Procesos. Serie Derecho
Assuntos:
Tags: Adicionar Tag
Sem tags, seja o primeiro a adicionar uma tag!

MARC

LEADER 00000cam a2200000 a 4500
001 UCC9216
003 CL-VaPUC
008 190914e20150000sp |||||||||||||||||spa|d
020 |a 9788498795639 
082 0 4 |a 341.94  |b GUT  |2 21 
100 |a Gutiérrez Espada, Cesáreo  |e author  |9 604147 
700 0 |a Cervell Hortal, María José  |e author  |9 604148 
700 0 |a Piernas López, Juan Jorge  |e author  |9 604149 
245 1 3 |a La Unión Europea y su derecho 
250 |a 2a. ed 
300 |a 373 p 
942 |c BK 
945 |d 20190914 23:07:00  |a dcastane 
260 |a Madrid  |b Trotta  |c 2015 
650 0 |a Derecho internacional  |9 255637 
650 7 |a DERECHO INTERNACIONAL PUBLICO  |2 CL-VaPUC  |9 604150 
650 0 |a Tratados internacionales   |9 256056 
583 |a last modification  |c 20190914 23:07:00  |k Rodrigo Vera 
490 0 |a Colección Estructuras y Procesos. Serie Derecho 
999 |c 375409  |d 375407 
952 |0 0  |1 0  |3 erb  |4 0  |6 341_940000000000000_GUT_2015  |7 0  |8 WP_COW  |9 561350  |a BIBDER  |b BIBDER  |e Fundación W and P Cowley  |i 5599458  |o 341.94 GUT 2015  |p 5599458  |r 2023-01-25  |w 2020-03-12  |y BK  |z Catalogado en:20190914  |k WPC